000 00308nam a2200109Ia 4500
008 220217s9999||||xx |||||||||||||| ||und||
100 _aDiwan, Parag Singh, Dharm Bir
245 0 _aSoftware engineering
260 _aPentagon press
_bNew Delhi
_c2000
300 _aIX324p.
_b795
650 _aSOFTWARE DESIGN
999 _c166200
_d166200